Quiz sur l'équipe de France - Statistiques

Statistiques générales
  • Ce quiz a été pris 74 fois
  • Le résultat moyen est 11 sur 15
Statistiques - réponses
Questions Réponses % Correct
Qui est le capitaine actuel de cette Nation ? Kylian Mbappé
98%
Qui est le joueur le plus cher de cette Nation ? Kylian Mbappé
98%
Combien de Coupe du monde a cette Nation ? 2
97%
Qui est l’entraîneur de cette Nation ? Didier Deschamps
95%
Qui est le meilleur buteur de cette Nation ? Olivier Giroud (57)
95%
Qui est la légende de cette Nation ? Zinédine Zidane
94%
Qui est le joueur le plus capé de cette Nation ? Hugo Lloris (145)
92%
Quelles sont les couleurs primaires de cette Nation ? Bleu Blanc et Rouge
88%
Quel est le nom du stade de cette Nation ? Stade de France
88%
Combien de trophées a cette Nation ? 8
86%
Qui est le meilleur passeur de cette Nation ? Antoine Griezmann (30)
86%
Quelle est la plus grande victoire de cette Nation ? 14 : 0 (Gibraltar 2023)
65%
En quelle année a été crée cette Nation ? 1904
35%
Quelle est la plus grande defaite de cette Nation ? 17 : 1 (Danemark 1908)
12%
Combien vaut cette Nation ? 1,23 Milliards
5%
Aucun quiz correspondant
Distribution des résultats
% des personnes avec chaque résultat
Percentile par nombre de réponses
Votre historique - résultats
Vous n’avez pas pris ce quiz